Extension alternatives in tropical Africa / (Record no. 19355)

000 -LEADER
fixed length control field 00553cam a2200181 a 4500
020 ## - INTERNATIONAL STANDARD BOOK NUMBER
ISBN 0850031052 :
040 ## - CATALOGING SOURCE
Transcribing agency DLC
082 00 - DEWEY DECIMAL CLASSIFICATION NUMBER
Classification number 630 MAR 1991 C166 Or.
100 1# - MAIN ENTRY--AUTHOR NAME
Personal name Moris, Jon R.
245 10 - TITLE STATEMENT
Title Extension alternatives in tropical Africa /
260 ## - PUBLICATION, DISTRIBUTION, ETC. (IMPRINT)
Place of publication London :
Name of publisher Overseas Development Institute,
Year of publication c1991.
300 ## - PHYSICAL DESCRIPTION
Number of Pages 184 p. :
Other physical details ill. ;
Dimensions 21 cm.
490 1# - SERIES STATEMENT
Series statement Occasional paper / Agricultural Administration Unit ;
650 #0 - SUBJECT ADDED ENTRY--TOPICAL TERM
Topical Term Agricultural extension work
650 #0 - SUBJECT ADDED ENTRY--TOPICAL TERM
Topical Term Agriculture
650 #0 - SUBJECT ADDED ENTRY--TOPICAL TERM
Topical Term Agricultural development projects
942 ## - ADDED ENTRY ELEMENTS (KOHA)
Koha item type ADB
952 ## - LOCATION AND ITEM INFORMATION (KOHA)
Withdrawn status [LOCAL, KOHA] 0
Holdings
Source of acquisition Permanent Location Date acquired Koha item type Lost status Shelving location Current Location Full call number
A38916Library Block C2020-09-29សៀវភៅភាសាអង់គ្លេស C166Library Block C630 MAR 1991 C166 Or.
មជ្ឈមណ្ឌលឯការនៃសាកលវិទ្យាល័យភូមិន្ទកសិកម្មចំការដូង

Powered by Koha